| 000 | 00000nam##2200000za#4500 |
| 001 | 9.643303 |
| 003 | CaOODSP |
| 005 | 20210624224115 |
| 007 | cr ||||||||||| |
| 008 | 150407|1981||||xxc|||||o f|0| 0 fre|d |
| 040 | |aCaOODSP|bfre |
| 043 | |an-cn--- |
| 086 | 1 |aEn14-190/1981F-PDF |
| 110 | 1 |aCanada. |bEnvironnement Canada. |
| 245 | 10|aTechniques de destruction des BPC |h[ressource électronique] |
| 246 | 1 |aNote d'information |
| 260 | |aOttawa - Ontario : |bEnvironnement Canada |c[1981]. |
| 300 | |a2p.|bfigure |
| 590 | |a14-21-Supp|b2014-12-11 |
| 691 | 07|aGestion des déchets|2gcpds |
| 691 | 07|aProduit toxique|2gcpds |
| 775 | 08|tPCB destruction technologies |w(CaOODSP)9.699154 |
| 856 | 40|ahttp://publications.gc.ca|qPDF|s108 Ko|uhttps://publications.gc.ca/collections/collection_2014/ec/En14-190-1981-fra.pdf |